<?xml version="1.0" encoding="UTF-8"?>
<record
    xmlns:xsi="http://www.w3.org/2001/XMLSchema-instance"
    xsi:schemaLocation="http://www.loc.gov/MARC21/slim http://www.loc.gov/standards/marcxml/schema/MARC21slim.xsd"
    xmlns="http://www.loc.gov/MARC21/slim">

  <leader>00671nam a22001577a 4500</leader>
  <controlfield tag="003">OSt</controlfield>
  <controlfield tag="005">20160831151359.0</controlfield>
  <controlfield tag="008">160831b        xxu||||| |||| 00| 0 eng d</controlfield>
  <datafield tag="040" ind1=" " ind2=" ">
    <subfield code="c">RUA</subfield>
  </datafield>
  <datafield tag="082" ind1=" " ind2=" ">
    <subfield code="a">AGE SOT 2014 B515 Or.</subfield>
  </datafield>
  <datafield tag="100" ind1=" " ind2=" ">
    <subfield code="9">9724</subfield>
    <subfield code="a">SOTH SARONG; &#x179F;&#x17BB;&#x1791;&#x17D2;&#x1792; &#x179F;&#x17B6;&#x179A;&#x17C9;&#x1784;</subfield>
  </datafield>
  <datafield tag="245" ind1=" " ind2=" ">
    <subfield code="a">The tools use in rubber plantation before tapping at SOCFIN-KCD company; &#x179F;&#x17D2;&#x179C;&#x17C2;&#x1784;&#x1799;&#x179B;&#x17CB;&#x1796;&#x17B8;&#x17A7;&#x1794;&#x1780;&#x179A;&#x178E;&#x17CD;&#x1794;&#x17D2;&#x179A;&#x17BE;&#x1794;&#x17D2;&#x179A;&#x17B6;&#x179F;&#x17CB;&#x1780;&#x17D2;&#x1793;&#x17BB;&#x1784;&#x1785;&#x17C6;&#x1780;&#x17B6;&#x179A;&#x1780;&#x17C5;&#x179F;&#x17CA;&#x17BC;&#x1798;&#x17BB;&#x1793;&#x1796;&#x17C1;&#x179B;&#x1785;&#x17C0;&#x179A;&#x1787;&#x17D0;&#x179A; &#x1793;&#x17C5;&#x1780;&#x17D2;&#x179A;&#x17BB;&#x1798;&#x17A0;&#x17CA;&#x17BB;&#x1793; SOCFIN-KCD</subfield>
  </datafield>
  <datafield tag="260" ind1=" " ind2=" ">
    <subfield code="a">RUA</subfield>
    <subfield code="b">Phnom Penh</subfield>
    <subfield code="c">2014</subfield>
  </datafield>
  <datafield tag="300" ind1=" " ind2=" ">
    <subfield code="a">xi; 46p.</subfield>
    <subfield code="b">ill.</subfield>
    <subfield code="c">29cm.</subfield>
  </datafield>
  <datafield tag="942" ind1=" " ind2=" ">
    <subfield code="2">ddc</subfield>
    <subfield code="c">AGE</subfield>
  </datafield>
  <datafield tag="999" ind1=" " ind2=" ">
    <subfield code="c">9368</subfield>
    <subfield code="d">9368</subfield>
  </datafield>
  <datafield tag="952" ind1=" " ind2=" ">
    <subfield code="0">0</subfield>
    <subfield code="1">0</subfield>
    <subfield code="2">ddc</subfield>
    <subfield code="4">0</subfield>
    <subfield code="6">AGE_SOT_2014_000000000000000_B515_OR_1</subfield>
    <subfield code="7">0</subfield>
    <subfield code="9">51209</subfield>
    <subfield code="a">LBB</subfield>
    <subfield code="b">LBB</subfield>
    <subfield code="d">2016-08-31</subfield>
    <subfield code="o">AGE SOT 2014 B515 Or.1</subfield>
    <subfield code="p">RUA061862</subfield>
    <subfield code="r">2016-08-31</subfield>
    <subfield code="w">2016-08-31</subfield>
    <subfield code="y">AGE</subfield>
  </datafield>
  <datafield tag="952" ind1=" " ind2=" ">
    <subfield code="0">0</subfield>
    <subfield code="1">0</subfield>
    <subfield code="2">ddc</subfield>
    <subfield code="4">0</subfield>
    <subfield code="6">AGE_SOT_2014_000000000000000_B515_OR_2</subfield>
    <subfield code="7">0</subfield>
    <subfield code="9">51210</subfield>
    <subfield code="a">LBB</subfield>
    <subfield code="b">LBB</subfield>
    <subfield code="d">2016-08-31</subfield>
    <subfield code="o">AGE SOT 2014 B515 Or.2</subfield>
    <subfield code="p">RUA062287</subfield>
    <subfield code="r">2016-08-31</subfield>
    <subfield code="w">2016-08-31</subfield>
    <subfield code="y">AGE</subfield>
  </datafield>
  <datafield tag="952" ind1=" " ind2=" ">
    <subfield code="0">0</subfield>
    <subfield code="1">0</subfield>
    <subfield code="2">ddc</subfield>
    <subfield code="4">0</subfield>
    <subfield code="6">AGE_SOT_2014_000000000000000_B515_OR_3</subfield>
    <subfield code="7">0</subfield>
    <subfield code="9">51211</subfield>
    <subfield code="a">LBB</subfield>
    <subfield code="b">LBB</subfield>
    <subfield code="d">2016-08-31</subfield>
    <subfield code="o">AGE SOT 2014 B515 Or.3</subfield>
    <subfield code="p">RUA062468</subfield>
    <subfield code="r">2016-08-31</subfield>
    <subfield code="w">2016-08-31</subfield>
    <subfield code="y">AGE</subfield>
  </datafield>
  <datafield tag="952" ind1=" " ind2=" ">
    <subfield code="0">0</subfield>
    <subfield code="1">0</subfield>
    <subfield code="2">ddc</subfield>
    <subfield code="4">0</subfield>
    <subfield code="6">AGE_SOT_2014_000000000000000_B515_OR_4</subfield>
    <subfield code="7">0</subfield>
    <subfield code="9">51212</subfield>
    <subfield code="a">LBB</subfield>
    <subfield code="b">LBB</subfield>
    <subfield code="d">2016-08-31</subfield>
    <subfield code="o">AGE SOT 2014 B515 Or.4</subfield>
    <subfield code="p">RUA062408</subfield>
    <subfield code="r">2016-08-31</subfield>
    <subfield code="w">2016-08-31</subfield>
    <subfield code="y">AGE</subfield>
  </datafield>
  <datafield tag="952" ind1=" " ind2=" ">
    <subfield code="0">0</subfield>
    <subfield code="1">0</subfield>
    <subfield code="2">ddc</subfield>
    <subfield code="4">0</subfield>
    <subfield code="6">AGE_SOT_2014_000000000000000_B515_OR_5</subfield>
    <subfield code="7">0</subfield>
    <subfield code="9">51215</subfield>
    <subfield code="a">LBB</subfield>
    <subfield code="b">LBB</subfield>
    <subfield code="d">2016-08-31</subfield>
    <subfield code="o">AGE SOT 2014 B515 Or.5</subfield>
    <subfield code="p">RUA062348</subfield>
    <subfield code="r">2016-08-31</subfield>
    <subfield code="w">2016-08-31</subfield>
    <subfield code="y">AGE</subfield>
  </datafield>
  <datafield tag="952" ind1=" " ind2=" ">
    <subfield code="0">0</subfield>
    <subfield code="1">0</subfield>
    <subfield code="2">ddc</subfield>
    <subfield code="4">0</subfield>
    <subfield code="6">AGE_SOT_2014_000000000000000_B515_OR_6</subfield>
    <subfield code="7">0</subfield>
    <subfield code="9">51216</subfield>
    <subfield code="a">LBB</subfield>
    <subfield code="b">LBB</subfield>
    <subfield code="d">2016-08-31</subfield>
    <subfield code="o">AGE SOT 2014 B515 Or.6</subfield>
    <subfield code="p">RUA061623</subfield>
    <subfield code="r">2016-08-31</subfield>
    <subfield code="w">2016-08-31</subfield>
    <subfield code="y">AGE</subfield>
  </datafield>
  <datafield tag="952" ind1=" " ind2=" ">
    <subfield code="0">0</subfield>
    <subfield code="1">0</subfield>
    <subfield code="2">ddc</subfield>
    <subfield code="4">0</subfield>
    <subfield code="6">AGE_SOT_2014_000000000000000_B515_OR_7</subfield>
    <subfield code="7">0</subfield>
    <subfield code="9">51217</subfield>
    <subfield code="a">LBB</subfield>
    <subfield code="b">LBB</subfield>
    <subfield code="d">2016-08-31</subfield>
    <subfield code="o">AGE SOT 2014 B515 Or.7</subfield>
    <subfield code="p">RUA061683</subfield>
    <subfield code="r">2016-08-31</subfield>
    <subfield code="w">2016-08-31</subfield>
    <subfield code="y">AGE</subfield>
  </datafield>
  <datafield tag="952" ind1=" " ind2=" ">
    <subfield code="0">0</subfield>
    <subfield code="1">0</subfield>
    <subfield code="2">ddc</subfield>
    <subfield code="4">0</subfield>
    <subfield code="6">AGE_SOT_2014_000000000000000_B515_OR_8</subfield>
    <subfield code="7">0</subfield>
    <subfield code="9">51218</subfield>
    <subfield code="a">LBB</subfield>
    <subfield code="b">LBB</subfield>
    <subfield code="d">2016-08-31</subfield>
    <subfield code="l">1</subfield>
    <subfield code="o">AGE SOT 2014 B515 Or.8</subfield>
    <subfield code="p">RUA061802</subfield>
    <subfield code="r">2016-12-26</subfield>
    <subfield code="s">2016-12-20</subfield>
    <subfield code="w">2016-08-31</subfield>
    <subfield code="y">AGE</subfield>
  </datafield>
  <datafield tag="952" ind1=" " ind2=" ">
    <subfield code="0">0</subfield>
    <subfield code="1">0</subfield>
    <subfield code="2">ddc</subfield>
    <subfield code="4">0</subfield>
    <subfield code="6">AGE_SOT_2014_000000000000000_B670_OR</subfield>
    <subfield code="7">0</subfield>
    <subfield code="9">86883</subfield>
    <subfield code="a">LBB</subfield>
    <subfield code="b">LBB</subfield>
    <subfield code="c">B670</subfield>
    <subfield code="d">2021-09-28</subfield>
    <subfield code="o">AGE SOT 2014 B670 Or.</subfield>
    <subfield code="p">A065691</subfield>
    <subfield code="r">2021-09-28</subfield>
    <subfield code="w">2021-09-28</subfield>
    <subfield code="y">AGE</subfield>
  </datafield>
</record>
